• 首页
  • 本馆介绍
  • 公告通知
  • 最新文献
  • 馆藏检索
  • 电子资源
  • 读者导购
  • 参考咨询
  • 我的图书馆
  • 登录
  • 详细信息显示
  • 放入我的书架
  • 预约/预借图书
  • 作者相关作品
  • 分类相关作品
  • 丛书相关作品
  • 出版社相关作品

书目信息

  • 表格格式
  • 工作单格式
  • 卡片格式
题名:
收视率调查与应用手册
    
 
作者: 王兰柱 主编 ;陈晓洲 编写
分册:  
出版信息: 北京   中国传媒大学出版社  2012.01
页数: 335页
开本: 26cm
丛书名: 媒介市场调查与研究丛书
单 册:
中图分类: G223-62
科图分类:
主题词: 收视率--抽样调查统计--手册 , 收视率 , 抽样调查统计
电子资源:
ISBN: 978-7-5657-0352-2
000 01197oam2 2200313 450
001 003152907
005 20130627101000.83
010    @a978-7-5657-0352-2@dCNY58.00
100    @a20120129d2012 em y0chiy0110 ea
101 0  @achi
102    @aCN@b110000
105    @ay z 000yy
106    @ar
200 1  @a收视率调查与应用手册@9shou shi lv diao cha yu ying yong shou ce@dTV audience measurement(TAM) and ratings application manual@f王兰柱主编@g陈晓洲[等]编写@zeng
205    @a2版
210    @a北京@c中国传媒大学出版社@d2012.01
215    @a335页@d26cm
225 2  @a媒介市场调查与研究丛书
330    @a本书介绍了收视率调查的流程与方法,基础研究的内容与执行,固定样组的建立与维护,收视率调查中的质量管理及信息安全管理,收视率指标体系等内容。
461  0 @12001 @a媒介市场调查与研究丛书@1035 @a(A100000NLC)003171323
510 1  @aTV audience measurement(TAM) and ratings application manual@zeng
606 0  @a收视率@x抽样调查统计@x手册
606 0  @a收视率
606 0  @a抽样调查统计
690    @aG223-62@v5
701  0 @a王兰柱@9wang lan zhu@f(1964~)@4主编
702  0 @a陈晓洲@9chen xiao zhou@c(女)@4编写
801  0 @aCN@bNLC@c20120515
905    @b546441-44@dG223-62@e167=2@f4
    
    收视率调查与应用手册=TV audience measurement(TAM) and ratings application manual/王兰柱主编/陈晓洲[等]编写.-2版.-北京:中国传媒大学出版社,2012.01
    335页;26cm.-(媒介市场调查与研究丛书)
    
    
    ISBN 978-7-5657-0352-2:CNY58.00
    本书介绍了收视率调查的流程与方法,基础研究的内容与执行,固定样组的建立与维护,收视率调查中的质量管理及信息安全管理,收视率指标体系等内容。
●
相关链接 在E读中查询图书 在五车中查询图书 在当当中查询图书 在豆瓣中查询图书


正题名:收视率调查与应用手册     索取号:G223-62/167=2         预约/预借

序号 登录号 条形码 馆藏地/架位号 状态 备注
1 546441   205464415   第一样本阅览室/ [索取号:G223-62/167=2] 在馆    
2 546442   205464424   第四借阅区/ [索取号:G223-62/167=2] 在馆    
3 546443   205464433   第四借阅区/ [索取号:G223-62/167=2] 在馆    
4 546444   205464442   中文系资料室/ [索取号:G223-62/167=2] 在馆    
唐山师范学院图书馆 欢迎您!
大连网信软件有限公司© 版权所有